| 000 | 00414cam a22001097a 4500 | ||
|---|---|---|---|
| 008 | 180718b1975 xxu||||| |||| 00| 0 eng d | ||
| 082 | _aA8x5451 H/1974-75 | ||
| 245 |
_aHand book of statistics, Andhra Pradesh, 1974-75 _cby Bureau of Economics and Statistics, Andhra Pradesh |
||
| 260 |
_aHyderabad _bGovernment of Andhra Pradesh _c1975 |
||
| 300 | _a171p. | ||
| 700 | _aAndhra Pradesh, Bureau of Economics and Statistics | ||
| 999 |
_c503592 _d503592 |
||